ভাষাশহিদ ও বীরশ্রেষ্ঠদের গল্প / (Record no. 11266)
[ view plain ]
| 000 -LEADER | |
|---|---|
| fixed length control field | 00764nam a2200229 a 4500 |
| 001 - CONTROL NUMBER | |
| JCCL Control Number | 11266 |
| 003 - CONTROL NUMBER IDENTIFIER | |
| JCCL marc code | BD-JhCC |
| 005 - DATE AND TIME OF LATEST TRANSACTION | |
| control field | 20190915082353.0 |
| 008 - FIXED-LENGTH DATA ELEMENTS--GENERAL INFORMATION | |
| fixed length control field | 190620s 2018bg a|||| ||a| 000 0 ben d |
| 020 ## - INTERNATIONAL STANDARD BOOK NUMBER | |
| International Standard Book Number | 9789848072042 |
| 035 ## - SYSTEM CONTROL NUMBER | |
| system control number | (BD-JhCC)11266 |
| 040 ## - CATALOGING SOURCE | |
| Original cataloging agency | BD-JhCC |
| Modifying agency | BD-JhCC |
| 041 ## - LANGUAGE CODE | |
| Language code of Book | ben |
| 082 ## - DEWEY DECIMAL CLASSIFICATION NUMBER | |
| Author mark and Year | SAR 2018 |
| Classification number | 891.4435 |
| 100 ## - MAIN ENTRY--PERSONAL NAME | |
| Personal name | সরকার, রণজিৎ |
| 245 ## - TITLE STATEMENT | |
| Title | ভাষাশহিদ ও বীরশ্রেষ্ঠদের গল্প / |
| Statement of responsibility, etc | রণজিৎ সরকার । |
| 260 ## - PUBLICATION, DISTRIBUTION, ETC. (IMPRINT) | |
| Place of publication, distribution, etc | ঢাকা: |
| Name of publisher, distributor, etc | অধ্যয়ন প্রকাশনী; |
| Date of publication, distribution, etc | ২০১৮. |
| 300 ## - PHYSICAL DESCRIPTION | |
| Pagination | ১২২ পৃ. : |
| Other physical details | ill; |
| Dimensions | ২২ সেমি. |
| 650 ## - SUBJECT ADDED ENTRY--TOPICAL TERM | |
| Topical term or geographic name as entry element | Historical Short story |
| 942 ## - ADDED ENTRY ELEMENTS (KOHA) | |
| Source of classification or shelving scheme | Dewey Decimal Classification |
| Koha item type | Books |
| Source of classification or shelving scheme | Damaged status | Not for loan | Home library | Current library | Shelving location | Date of accession | Cost, normal purchase price | Total Checkouts | Full call number | Barcode | Date last seen | Copy number | Koha item type |
|---|---|---|---|---|---|---|---|---|---|---|---|---|---|
| Dewey Decimal Classification | JCC Rouf Library | JCC Rouf Library | General Stacks | 06/20/2019 | 176.00 | 891.4435 SAR 2018 | 15354 | 08/20/2019 | C-1 | Books |